[Event "TUR-chT 2nd League"]
[Site "Denizli"]
[Date "2023.07.15"]
[Round "9.102"]
[White "Oztekin, Ahmet"]
[Black "Arslan, Muhammed Emin"]
[Result "0-1"]
[WhiteElo "1774"]
[BlackElo "2313"]
[PlyCount "118"]
[EventDate "2023.07.09"]
[EventType "team-swiss"]
[EventRounds "9"]
[EventCountry "TUR"]
[SourceTitle "CBM 215 Extra"]
[Source "ChessBase"]
[SourceDate "2023.09.30"]
[SourceVersion "1"]
[SourceVersionDate "2023.09.30"]
[SourceQuality "1"]
[WhiteTeam "Bitlis Ihtisas Egitim"]
[BlackTeam "Mersin Altin Piyon"]
[WhiteTeamCountry "TUR"]
[BlackTeamCountry "TUR"]

1. d4 c5 2. d5 Nf6 3. c4 b5 4. cxb5 a6 5. b6 Qxb6 6. Nc3 g6 7. e4 d6 8. Nf3 Nbd7 9. Be2 Bg7 10. 0-0 0-0 11. Nd2 a5 12. a4 Ne8 13. Ra3 Nc7 14. Nc4 Qb8 15. Rb3 Qa7 16. Bg5 Re8 17. h4 Rb8 18. Nb5 Nxb5 19. axb5 Nb6 20. Qd2 a4 21. Ra1 Nxc4 22. Bxc4 Bd7 23. Qe2 h6 24. Bf4 Rb6 25. e5 Bxe5 26. Bxe5 dxe5 27. Re3 Qb7 28. h5 g5 29. Rxe5 Bxb5 30. Bxb5 Rxb5 31. d6 e6 32. Rxa4 Rxb2 33. Qe3 Qc6 34. Rxg5+ hxg5 35. Qxg5+ Kh7 36. Rg4 Rb1+ 37. Kh2 Qxd6+ 38. g3 Qf8 39. Qf6 Rb4 40. f4 Rc8 41. h6 Qxh6+ 42. Rh4 Qxh4+ 43. gxh4 Rb7 44. f5 Rg8 45. Qe5 Rg7 46. f6 Rg6 47. h5 Rg4 48. Qxc5 Kh6 49. Kh3 Rg5 50. Qc8 Rxh5+ 51. Kg4 Rb4+ 52. Kg3 Rg5+ 53. Kh3 Rb3+ 54. Kh2 Kh5 55. Qc2 Rb4 56. Qh7+ Kg4 57. Qh3+ Kf4 58. Qf1+ Ke5 59. Qf3 Rh4+ 0-1

[Event "TUR-chT 2nd League"]
[Site "Konya"]
[Date "2022.08.28"]
[Round "9.11"]
[White "Arslan, Muhammed Emin"]
[Black "Boz, Fatih Emre"]
[Result "0-1"]
[WhiteElo "1952"]
[BlackElo "1797"]
[PlyCount "163"]
[EventDate "2022.08.22"]
[EventType "team-swiss"]
[EventRounds "9"]
[EventCountry "TUR"]
[SourceTitle "CBM 210 Extra"]
[Source "ChessBase"]
[SourceDate "2022.11.30"]
[SourceVersion "1"]
[SourceVersionDate "2022.11.30"]
[SourceQuality "1"]
[WhiteTeam "Mersin Altin Piyon"]
[BlackTeam "Denizli Ihtisas"]
[WhiteTeamCountry "TUR"]
[BlackTeamCountry "TUR"]

1. d4 Nf6 2. Bf4 b6 3. e3 Bb7 4. Nf3 Nh5 5. Bg5 h6 6. Bh4 g5 7. Bg3 Nxg3 8. hxg3 Bg7 9. Nbd2 d6 10. Bd3 Nd7 11. Qe2 a6 12. c3 e6 13. e4 Qe7 14. g4 c5 15. a3 b5 16. Nf1 cxd4 17. cxd4 Qd8 18. Ng3 Qa5+ 19. Kf1 Qb6 20. Qe3 Nf6 21. Nh5 Nxh5 22. Rxh5 Rc8 23. Re1 Ke7 24. Kg1 Rc7 25. Kh2 Rhc8 26. Kg3 b4 27. a4 a5 28. Reh1 Bc6 29. b3 Bb7 30. Bc4 Ba6 31. e5 dxe5 32. Bxa6 Qxa6 33. dxe5 Rc3 34. Qe4 Qd3 35. Qe1 Rxb3 36. R1h3 Rb1 37. Qe3 Qxe3 38. fxe3 Rc3 39. Rh1 Rxh1 40. Rxh1 Rxe3 41. Kf2 Ra3 42. Rc1 Kd7 43. Rc5 Rxa4 44. Rb5 Kc7 45. Rc5+ Kb6 46. Rc8 Ra3 47. Ke2 Rxf3 48. gxf3 Bxe5 49. Kd2 b3 50. Ra8 Kb5 51. Ra7 f6 52. Kd3 Kb4 53. Rb7+ Ka3 54. Ra7 a4 55. Kd2 Bd6 56. Ra6 Bf4+ 57. Kc3 Be5+ 58. Kd2 b2 59. Kc2 Kb4 60. Rb6+ Ka5 61. Rb7 Bd4 62. Rd7 e5 63. Rd8 a3 64. Ra8+ Kb4 65. Rb8+ Kc4 66. Ra8 Bc5 67. Ra6 Kb5 68. Ra8 Kb6 69. Ra4 Kc7 70. Ra6 Bd6 71. Ra7+ Kd8 72. Rh7 Bf8 73. Rf7 Be7 74. Rh7 Kd7 75. Rxh6 Ke6 76. Rh8 f5 77. Rh6+ Bf6 78. Kb1 e4 79. Ka2 e3 80. Rh1 Be7 81. Kb3 Ke5 82. Rf1 0-1

[Event "TUR-chT 2nd League"]
[Site "Konya"]
[Date "2022.08.23"]
[Round "2.1"]
[White "Arslan, Muhammed Emin"]
[Black "Secer, Ata"]
[Result "1-0"]
[WhiteElo "1952"]
[BlackElo "2360"]
[PlyCount "99"]
[EventDate "2022.08.22"]
[EventType "team-swiss"]
[EventRounds "9"]
[EventCountry "TUR"]
[SourceTitle "CBM 210 Extra"]
[Source "ChessBase"]
[SourceDate "2022.11.30"]
[SourceVersion "1"]
[SourceVersionDate "2022.11.30"]
[SourceQuality "1"]
[WhiteTeam "Mersin Altin Piyon"]
[BlackTeam "Guzelbahce Altyapi"]
[WhiteTeamCountry "TUR"]
[BlackTeamCountry "TUR"]

1. c4 Nf6 2. Nc3 e6 3. d4 Bb4 4. a3 Bxc3+ 5. bxc3 c5 6. Qc2 Nc6 7. Nf3 0-0 8. e4 d5 9. e5 Ne4 10. Bd3 cxd4 11. Bxe4 dxe4 12. Qxe4 Qa5 13. 0-0 d3 14. Ng5 f5 15. exf6 Qf5 16. fxg7 Rd8 17. Be3 Ne5 18. Qh4 Bd7 19. f4 Nf7 20. g4 Qg6 21. f5 exf5 22. gxf5 Qh6 23. Qxh6 Nxh6 24. f6 Nf7 25. Nf3 Rac8 26. c5 Re8 27. Bd4 Bc6 28. Rad1 Re4 29. h3 Rce8 30. Rf2 Bb5 31. a4 Bxa4 32. Rxd3 Bc6 33. Kh2 a5 34. Rdd2 a4 35. Kg3 Bd5 36. Rd1 a3 37. Ra1 Ra8 38. Nh4 Be6 39. Nf5 Bxf5 40. Rxf5 Nd8 41. Rf2 Kf7 42. Rfa2 Nc6 43. Rxa3 Rd8 44. Ra8 Ree8 45. Rxd8 Rxd8 46. Kf3 Nxd4+ 47. cxd4 Kxf6 48. Ra7 Kxg7 49. Rxb7+ Kf6 50. Ke4 1-0

[Event "TUR-chT 2nd League"]
[Site "Konya"]
[Date "2022.08.23"]
[Round "3.4"]
[White "Yeke, Serkan"]
[Black "Arslan, Muhammed Emin"]
[Result "1/2-1/2"]
[WhiteElo "2099"]
[BlackElo "1952"]
[PlyCount "70"]
[EventDate "2022.08.22"]
[EventType "team-swiss"]
[EventRounds "9"]
[EventCountry "TUR"]
[SourceTitle "CBM 210 Extra"]
[Source "ChessBase"]
[SourceDate "2022.11.30"]
[SourceVersion "1"]
[SourceVersionDate "2022.11.30"]
[SourceQuality "1"]
[WhiteTeam "Istanbul Sisli"]
[BlackTeam "Mersin Altin Piyon"]
[WhiteTeamCountry "TUR"]
[BlackTeamCountry "TUR"]

1. g3 g6 2. Bg2 Bg7 3. d4 Nf6 4. c4 0-0 5. e4 c5 6. Ne2 cxd4 7. Nxd4 d6 8. 0-0 Qb6 9. Nb5 a6 10. N5c3 Nc6 11. h3 Be6 12. b3 Rab8 13. a4 Nd7 14. Ra3 Nc5 15. Be3 Na5 16. Nd5 Bxd5 17. Bxc5 Qxc5 18. exd5 b6 19. Qd2 Nb7 20. Rc1 Rfc8 21. b4 Qc7 22. Bf1 b5 23. axb5 axb5 24. Ra6 bxc4 25. Rc6 Qd7 26. R1xc4 Nd8 27. Rxc8 Rxc8 28. Na3 Ra8 29. Qc1 Bf6 30. Nc2 Kg7 31. Nd4 Ra2 32. Kg2 Qa7 33. Qe3 Ra3 34. Qd2 Ra2 35. Qe3 Ra3 1/2-1/2

[Event "TUR-chT 2nd League"]
[Site "Konya"]
[Date "2019.07.28"]
[Round "9.10"]
[White "Kavri, Yusuf Eren"]
[Black "Arslan, Muhammed Emin"]
[Result "1-0"]
[WhiteElo "1806"]
[BlackElo "1529"]
[PlyCount "85"]
[EventDate "2019.07.22"]
[EventType "team-swiss"]
[EventRounds "9"]
[EventCountry "TUR"]
[SourceTitle "CBM 191 Extra"]
[Source "ChessBase"]
[SourceDate "2019.09.30"]
[SourceVersion "1"]
[SourceVersionDate "2019.09.30"]
[SourceQuality "1"]
[WhiteTeam "Samsun Gercek"]
[BlackTeam "Ceylanpinar Genclik"]
[WhiteTeamCountry "TUR"]
[BlackTeamCountry "TUR"]

1. d4 c5 2. d5 Nf6 3. c4 b5 4. cxb5 a6 5. b6 d6 6. Nc3 Nbd7 7. e4 g6 8. Nf3 Bg7 9. Be2 0-0 10. 0-0 Qxb6 11. Qb3 Qc7 12. Be3 Rb8 13. Qc2 Nb6 14. Rfd1 Nfd7 15. a4 Bb7 16. Nd2 Nc8 17. Ra3 Na7 18. Nc4 Ba8 19. h4 Nb6 20. Nd2 Bb7 21. h5 Nd7 22. Nc4 Bc8 23. g3 Ne5 24. Nxe5 Bxe5 25. Rb3 Bd7 26. Ra3 Qb6 27. Rb1 Rfc8 28. Qd3 a5 29. Kh2 Qb4 30. Bd1 c4 31. Qd2 Rc7 32. Bc2 Nc8 33. hxg6 hxg6 34. Bd4 Bxd4 35. Qxd4 Qc5 36. Qd2 Rcb7 37. Ra2 e6 38. Ne2 exd5 39. exd5 Ne7 40. Be4 Kg7 41. Bh1 Be8 42. Qc3+ f6 43. Qc2 1-0

[Event "TUR Cup"]
[Site "Antalya"]
[Date "2017.01.30"]
[Round "4"]
[White "Arslan, Muhammed Emin"]
[Black "Gobut, Huseyin"]
[Result "1-0"]
[WhiteElo "1555"]
[BlackElo "1154"]
[PlyCount "23"]
[EventDate "2017.01.28"]
[EventType "swiss"]
[EventRounds "11"]
[EventCountry "TUR"]
[SourceTitle "CBM 176 Extra"]
[Source "ChessBase"]
[SourceDate "2017.03.02"]
[SourceVersion "1"]
[SourceVersionDate "2017.03.02"]
[SourceQuality "1"]

1. c4 e5 2. Nc3 c6 3. g3 Nf6 4. Bg2 Bc5 5. e4 d6 6. Nge2 Ng4 7. 0-0 Qf6 8. Qe1 Qh6 9. h3 Nf6 10. d4 Qh5 11. dxc5 Bxh3 12. cxd6 1-0

[Event "TUR-chT2"]
[Site "Konya"]
[Date "2016.07.17"]
[Round "1.6"]
[White "Ozenir, Ekin Baris"]
[Black "Arslan, Muhammed Emin"]
[Result "1-0"]
[WhiteElo "2084"]
[BlackElo "1432"]
[PlyCount "65"]
[EventDate "2016.07.17"]
[EventType "team-swiss"]
[EventRounds "9"]
[EventCountry "TUR"]
[SourceTitle "CBM 173 Extra"]
[Source "ChessBase"]
[SourceDate "2016.08.29"]
[SourceVersion "1"]
[SourceVersionDate "2016.08.29"]
[SourceQuality "1"]
[WhiteTeam "Karaman Belediye"]
[BlackTeam "Hatay Samandag"]
[WhiteTeamCountry "TUR"]
[BlackTeamCountry "TUR"]

1. d4 c5 2. d5 b5 3. e4 a6 4. a4 b4 5. Nf3 d6 6. h3 Nf6 7. Nbd2 g6 8. Bd3 Nbd7 9. a5 Bg7 10. 0-0 0-0 11. Nc4 Ne8 12. Bg5 Rb8 13. Qd2 Ne5 14. Nfxe5 dxe5 15. Nb6 Nd6 16. c3 f6 17. Be3 bxc3 18. Qxc3 f5 19. f3 c4 20. Nxc4 Nb5 21. Qb3 f4 22. Bf2 Bd7 23. Nb6 g5 24. Rfd1 Rf6 25. d6+ Be6 26. Bc4 Bxc4 27. Qxc4+ e6 28. Rac1 Bf8 29. d7 Nd6 30. Qxa6 g4 31. hxg4 Rh6 32. Rxd6 Bxd6 33. Rc8 1-0

[Event "Manavgat Turkey Cup"]
[Site "Manavgat"]
[Date "2016.02.05"]
[Round "10"]
[White "Askar, Mizgin"]
[Black "Arslan, Muhammed Emin"]
[Result "0-1"]
[WhiteElo "1306"]
[BlackElo "1439"]
[PlyCount "96"]
[EventDate "2016.01.30"]
[EventType "swiss"]
[EventRounds "11"]
[EventCountry "TUR"]
[SourceTitle "CBM 170 Extra"]
[Source "ChessBase"]
[SourceDate "2016.02.25"]
[SourceVersion "1"]
[SourceVersionDate "2016.02.25"]
[SourceQuality "1"]

1. e4 d5 2. exd5 Nf6 3. c4 e6 4. dxe6 Bxe6 5. d4 Bb4+ 6. Bd2 Bxd2+ 7. Qxd2 Qe7 8. Qe3 Ng4 9. Qe4 f5 10. Qc2 Bxc4+ 11. Be2 Bxe2 12. Qxe2 Qxe2+ 13. Nxe2 Nc6 14. 0-0 0-0-0 15. h3 Nf6 16. Rd1 Rhe8 17. Kf1 Nb4 18. Nbc3 Ne4 19. a3 Nc6 20. f3 Nf6 21. Rac1 Re7 22. d5 Ne5 23. d6 Red7 24. dxc7 Rxc7 25. Nd4 Nc4 26. Nxf5 Rxd1+ 27. Nxd1 Ne3+ 28. Ndxe3 Rxc1+ 29. Kf2 g6 30. Nd6+ Kc7 31. Ndc4 b5 32. Nd2 Kc6 33. Nb3 Rb1 34. Kg3 Rxb2 35. Na5+ Kc7 36. Kf4 Rb1 37. Kg5 Re1 38. Kf4 g5+ 39. Kxg5 Rxe3 40. Kxf6 Rxa3 41. f4 Rxa5 42. g4 b4 43. Kg7 b3 44. f5 b2 45. f6 b1Q 46. f7 Qg6+ 47. Kf8 Kd7 48. h4 Ke6 0-1

[Event "Manavgat Turkey Cup"]
[Site "Manavgat"]
[Date "2016.02.04"]
[Round "9"]
[White "Arslan, Muhammed Emin"]
[Black "Durak, Omer Faruk"]
[Result "1-0"]
[WhiteElo "1439"]
[BlackElo "1392"]
[PlyCount "21"]
[EventDate "2016.01.30"]
[EventType "swiss"]
[EventRounds "11"]
[EventCountry "TUR"]
[SourceTitle "CBM 170 Extra"]
[Source "ChessBase"]
[SourceDate "2016.02.25"]
[SourceVersion "1"]
[SourceVersionDate "2016.02.25"]
[SourceQuality "1"]

1. c4 e5 2. Nc3 Nf6 3. g3 Bb4 4. Bg2 0-0 5. e4 d6 6. Nge2 Nc6 7. 0-0 Be6 8. d3 Qc8 9. Nd5 Nxd5 10. cxd5 Bg4 11. dxc6 1-0